[Event "TUR-chT2"]
[Site "Konya"]
[Date "2017.07.10"]
[Round "3.15"]
[White "Ay, Talha"]
[Black "Aytekin, Furkan Emre"]
[Result "1-0"]
[WhiteElo "1674"]
[BlackElo "1692"]
[PlyCount "137"]
[EventDate "2017.07.09"]
[EventType "team-swiss"]
[EventRounds "9"]
[EventCountry "TUR"]
[SourceTitle "CBM 179 Extra"]
[Source "ChessBase"]
[SourceDate "2017.08.23"]
[SourceVersion "1"]
[SourceVersionDate "2017.08.23"]
[SourceQuality "1"]
[WhiteTeam "Derince Turgut"]
[BlackTeam "Canakkale 1915"]
[WhiteTeamCountry "TUR"]
[BlackTeamCountry "TUR"]

1. e4 e5 2. d4 exd4 3. Qxd4 Nc6 4. Qe3 Nf6 5. Nc3 g6 6. Bd2 Bg7 7. 0-0-0 0-0 8. f3 Re8 9. Qf2 d5 10. Bg5 d4 11. Bb5 h6 12. Bxf6 Qxf6 13. Nd5 Qe5 14. Qg3 a6 15. Ba4 Rd8 16. Bxc6 bxc6 17. Qxe5 Bxe5 18. Ne7+ Kf8 19. Nxc6 Bf4+ 20. Kb1 Rd6 21. Nxd4 Rb8 22. Nge2 Be5 23. f4 Bg7 24. e5 Rdb6 25. b3 Ke8 26. Nc3 Bb7 27. Na4 Rb4 28. Nc5 Bf8 29. Nxb7 R4xb7 30. Nc6 Rc8 31. Na5 Rb5 32. Nc4 g5 33. f5 f6 34. Rhe1 Bb4 35. Re4 Ke7 36. g4 h5 37. h3 hxg4 38. hxg4 fxe5 39. Nxe5 Kf6 40. Nf3 Rb6 41. Rh1 Rd8 42. Kb2 Bf8 43. Rhe1 Rbd6 44. Rc4 R6d7 45. Nd4 Bg7 46. Nf3 Rd6 47. Rce4 Kf7+ 48. c3 Bxc3+ 49. Kxc3 Rd3+ 50. Kb4 Rxf3 51. Rh1 Rd5 52. Rh7+ Kg8 53. Rxc7 Rf4 54. Rcc4 Rf2 55. a4 a5+ 56. Kc3 Rf3+ 57. Kb2 Rd2+ 58. Rc2 Rd5 59. Re7 Rd8 60. Ra7 Rb8 61. Rc3 Rf4 62. Rg3 Rxa4 63. f6 Rbb4 64. f7+ Kf8 65. Kc3 Rxg4 66. Rd3 Raf4 67. Rd8+ Kg7 68. f8Q+ Kg6 69. Rg7+ 1-0